000 00300nam a22001217a 4500
008 180517b xxu||||| |||| 00| 0 eng d
041 _aeng
080 _a043.3
100 _a0
101 _aSHKI-BTH
245 _aKrahasimi i implementimit të MPVC në JSP dhe në ASP
_cSadiku,U
942 _2udc
_cBK
999 _c45880
_d45880